| 000 | 01828nam a2200265Ia 4500 | ||
|---|---|---|---|
| 001 | 21826 | ||
| 005 | 20260320113316.0 | ||
| 008 | 260320s9999||||xx |||||||||||||| ||und|| | ||
| 041 | _aESP | ||
| 082 |
_aHR 387.5 N° 2 2025 _bRM |
||
| 100 |
_a _e |
||
| 110 | _aFondo de Publicaciones de la Dirección General de Comunicación e Intereses Marítimos | ||
| 245 | 0 |
_aRevista de Marina _b |
|
| 246 |
_a _5 _b |
||
| 260 |
_aCallao : _bFondo de Publicaciones de la Dirección General de Comunicación e Intereses Marítimos, _c2025 |
||
| 300 |
_a187 páginas : _bilustraciones, fotografías, diagramas ; _c24 cm. _e |
||
| 440 |
_a _n _v |
||
| 505 | _aAbril-Junio 2025 ARTÍCULOS - Ceremonia de entrega del B.A.P. Chipana - Propuesta de Implementación del gemelo digital en las construcciones navales de los Servicios Industriales de la Marina del Perú - Liderazgo en tiempos de cambio - Análisis de conflictos. Las dos guerras chechenas - Mahan y la estrategia naval de EE.UU. de 1986 - Aproximación a una metodología híbrida para el diseño de fuerzas navales: una guía de Planeamiento Estratégico para la defensa basada en prospectivas de escenario, considerando amenazas y capacidades - Innovar o morir: la carrera por la IA militar comienza en las aulas - La Educación en la Escuela Naval del Perú: forjando líderes transversales para los retos del mañana - La geopolítica marítima de China en el Asia-Pacífico y su influencia en la política exterior del Perú - Intereses marítimos: un proceso dinámico e iterativo - El Acuerdo BBNJ y los beneficios para el Perú - Contralmirante (SN) (MC) Óscar Maúrtua Moyano (1905-2010) A 15 años de su partida | ||
| 650 | _aCIS | ||
| 653 | _aPerú. Marina de Guerra - Revista | ||
| 654 | _aCAN | ||
| 700 |
_a _c |
||
| 856 |
_u _z |
||
| 942 |
_cREV _dJUS _fMAT _2ddc _n |
||
| 999 |
_c21826 _d21826 |
||